000 01003nam a2200253Ia 4500
003 OSt
005 20220930192547.0
006 a|||||r|||| 00| 0
007 ta
008 220926b |||||||| |||| 00| 0 eng d
024 _a10322
037 _cDissertations
040 _aCRL
_cCRL
_beng
041 _2eng
_aeng
100 _aKulashreshtha Mukul Kumar
_9561334
110 _aUniversity of Delhi. National Institute of Health and Family Welfare. Department of Community Health Administration
_9519585
245 0 _aAppraisal of the programme of oral rehydration therapy (ORT) for children under five years in union territory of Delhi
260 _c1991
650 _aCOMMUNITY HEALTH SERVICES
700 _a Dr Rita Sapru Supervisor
_9520771
700 _aUniversity of Delhi. National Institute of Health and Family Welfare. Department of Community Health Administration
_9519587
942 _cDIS
_2CC
999 _c895327
_d895327